000 00647nam a2200181 4500
001 110222
003 ES-MaACL
007 t|
008 061121s1982 sp r ||||1| spa d
245 0 0 _aOrdenación de los espacios litorales
_b: criterios metodológicos y normativos.
260 _aMadrid :
_bCentro de Estudios de Ordenación del Territorio y Medio Ambiente,
_c1982.
300 _a266 p. :
_bil ;
_c30 cm.
490 1 _aSerie Normativa
710 2 _aCentro de Estudios de Ordenación del Territorio y Medio Ambiente (Madrid)
_92623
830 0 _aSerie Normativa
_9185616
852 _aES-MaACL
_jL-6068
_bR.106453
999 _c110222
_d110222